| 000 | 00349nam a2200133Ia 4500 | ||
|---|---|---|---|
| 008 | 240624s9999 xx 000 0 und d | ||
| 041 | _aeng | ||
| 082 | _a920 KAB | ||
| 100 | _aKABIR NASREEN MUNNI | ||
| 245 | _aLATA MANGESHKAR IN HER OWN VOICE CONVERS | ||
| 260 |
_c2009 _aNew Delhi _bNiyogi Books |
||
| 300 | _a268 : p, : cm ; 28 | ||
| 365 |
_cRS _b20 |
||
| 999 |
_c15374 _d15374 |
||